000 00772nam a2200217Ii 4500
003 JO-AjNU
008 230605s9999||||xx |||||||||||||| ||und||
020 _a9953-36-616-0
040 _aJO-AjNU
_bara
_erda
_cJO-AjNU
041 _aara
050 1 4 _aPJ7860.A64.Z21 2004
100 3 _aتأليف الروضان،عبد عون,
_eauthor
_924017
245 0 0 _aزائية الوجد
250 _aط1
264 3 1 _aبيروت:المؤسسة العربية للدراسات والنشر،2004 ؛ عمان:دار الفارس للنشر والتوزيع،2004
300 _a199ص
336 _atext
_btxt
_2rdacontent
337 _aunmediated
_bn
_2rdamedia
338 _avolume
_bnc
_2rdacarrier
650 4 _aالأدب العربي - روايات - العراق
_924018
999 _aA8779
_c12347
_d12347